000 00293nam a22001217a 4500
008 160427b xxu||||| |||| 00| 0 eng d
020 _a9780781716239
020 _a0781716233
041 _aeng
080 _a618.2
245 _aNursing care of older adults:
_cCarol A. Miller;
942 _2udc
_cBK
999 _c1639
_d1639